[Event "NAYCC U12"]
[Site "Kingston CAN"]
[Date "2019.08.19"]
[Round "7.85"]
[White "Cui, Guang Zhu"]
[Black "Adam, Rafael"]
[Result "0-1"]
[WhiteElo "735"]
[BlackElo "1674"]
[PlyCount "168"]
[EventDate "2019.08.16"]
[EventType "swiss"]
[EventRounds "9"]
[EventCountry "CAN"]

1. d4 Nf6 2. c4 e6 3. Nf3 Bb4+ 4. Bd2 Qe7 5. a3 Bxd2+ 6. Nbxd2 d5 7. c5 c6 8.
e3 Nbd7 9. Bd3 O-O 10. O-O Re8 11. e4 dxe4 12. Bxe4 Rd8 13. Re1 h6 14. b4 Ne8
15. d5 cxd5 16. Bxd5 Ndf6 17. Bb3 Bd7 18. Qc2 Rac8 19. Qb2 Bc6 20. Ne5 Bd5 21.
Rac1 a6 22. Bxd5 Rxd5 23. Ndc4 Rc7 24. Nb6 Rd8 25. c6 Nd5 26. Nxd5 Rxd5 27.
cxb7 Rxc1 28. Rxc1 Qxb7 29. h3 Qb5 30. Nc6 Kf8 31. Nd4 Qd7 32. Nf3 Rd1+ 33.
Rxd1 Qxd1+ 34. Kh2 Qd6+ 35. Qe5 Ke7 36. Kg1 Qxe5 37. Nxe5 f6 38. Nc6+ Kd6 39.
Na5 Kd5 40. Kf1 Kd4 41. a4 Nc7 42. b5 axb5 43. axb5 Nxb5 44. Nb3+ Kd5 45. Ke1
e5 46. Kd2 f5 47. Nc1 g5 48. Ne2 f4 49. g3 Ke4 50. gxf4 gxf4 51. Nc1 Nd4 52.
Nd3 Nf3+ 53. Kc3 Ng5 54. h4 Nf3 55. h5 Ng5 56. Kd2 Ne6 57. Ke2 Ng7 58. f3+ Kf5
59. Kf2 Nxh5 60. Kg2 Nf6 61. Nf2 e4 62. Nh3 e3 63. Kf1 Nd5 64. Ke2 Ke5 65. Ke1
Kd4 66. Ke2 Ke5 67. Ke1 Nf6 68. Ke2 Nh7 69. Ke1 Ng5 70. Ng1 h5 71. Kf1 h4 72.
Kg2 h3+ 73. Kh2 Kf5 74. Kh1 Kg6 75. Kh2 Kf6 76. Kh1 Kf5 77. Kh2 Kg6 78. Kh1 Kh5
79. Kh2 Kh4 80. Kh1 Kg3 81. Nxh3 Kxh3 82. Kg1 Nxf3+ 83. Kh1 Nd2 84. Kg1 f3 0-1

[Event "NAYCC U12"]
[Site "Kingston CAN"]
[Date "2019.08.19"]
[Round "7.86"]
[White "He, Zekai"]
[Black "Wang, Derek"]
[Result "1-0"]
[WhiteElo "1318"]
[BlackElo "1579"]
[PlyCount "73"]
[EventDate "2019.08.16"]
[EventType "swiss"]
[EventRounds "9"]
[EventCountry "CAN"]

1. e4 c5 2. Nf3 d6 3. d4 cxd4 4. Nxd4 Nf6 5. Nc3 a6 6. Be2 e5 7. Nb3 Be6 8. O-O
Be7 9. Be3 Nbd7 10. Kh1 b5 11. a3 Qc7 12. f4 exf4 13. Bxf4 Ne5 14. Qe1 O-O 15.
Rd1 Ng6 16. Bg3 Rfd8 17. Nd4 Ne5 18. Nf5 Bxf5 19. Rxf5 Nc4 20. Bxc4 Qxc4 21.
Bh4 Qe6 22. Bxf6 Bxf6 23. Nd5 Rac8 24. Nxf6+ gxf6 25. Qf2 Kg7 26. Rf1 Qd7 27.
Rxf6 Rc7 28. Qd4 Kg8 29. R6f5 Qe6 30. Rg5+ Kf8 31. Qg7+ Ke7 32. Rgf5 Rf8 33. e5
d5 34. Rf6 Qc8 35. Rxf7+ Rxf7 36. Rxf7+ Ke6 37. Qf6# 1-0

[Event "NAYCC U12"]
[Site "Kingston CAN"]
[Date "2019.08.19"]
[Round "7.88"]
[White "Chen, Andrew"]
[Black "Chen, Richard"]
[Result "0-1"]
[WhiteElo "1444"]
[BlackElo "1831"]
[PlyCount "122"]
[EventDate "2019.08.16"]
[EventType "swiss"]
[EventRounds "9"]
[EventCountry "CAN"]

1. c4 Nf6 2. Nc3 g6 3. g3 Bg7 4. Bg2 O-O 5. e4 d6 6. Nge2 c5 7. Nf4 Nc6 8. b3
a6 9. Bb2 e6 10. O-O Qc7 11. Rc1 Bd7 12. d3 Rab8 13. Qd2 Rfc8 14. Nce2 e5 15.
Nd5 Nxd5 16. exd5 Nd4 17. f4 Nxe2+ 18. Qxe2 exf4 19. Bxg7 Kxg7 20. Rxf4 Re8 21.
Qf2 Re7 22. d4 b6 23. dxc5 Qxc5 24. Qxc5 bxc5 25. Rcf1 a5 26. Be4 f5 27. Bc2
Re2 28. R4f2 Rbe8 29. Rxe2 Rxe2 30. Rf2 Rxf2 31. Kxf2 Kf6 32. Kf3 Ke5 33. Ke3
h6 34. a3 g5 35. a4 f4+ 36. gxf4+ gxf4+ 37. Kf3 h5 38. h4 Bg4+ 39. Kf2 Kd4 40.
Ke1 Kc3 41. Bd1 Bxd1 42. Kxd1 Kxb3 43. Ke2 Kxc4 44. Kf3 Kxd5 45. Kxf4 c4 46.
Kg5 c3 47. Kxh5 c2 48. Kg6 c1=Q 49. h5 Kc4 50. h6 Qxh6+ 51. Kxh6 d5 52. Kg5 d4
53. Kf4 Kc3 54. Kf3 d3 55. Kg4 d2 56. Kg5 d1=Q 57. Kh6 Qg1 58. Kh5 Kd4 59. Kh4
Ke5 60. Kh3 Kf4 61. Kh4 Qh1# 0-1

[Event "NAYCC U12"]
[Site "Kingston CAN"]
[Date "2019.08.19"]
[Round "7.89"]
[White "Wang, Andrew"]
[Black "Cheng, Adrien"]
[Result "1/2-1/2"]
[WhiteElo "1416"]
[BlackElo "1426"]
[PlyCount "108"]
[EventDate "2019.08.16"]
[EventType "swiss"]
[EventRounds "9"]
[EventCountry "CAN"]

1. e4 e5 2. Nf3 Nc6 3. Bc4 Bc5 4. O-O d6 5. h3 Nf6 6. d3 h6 7. Nc3 g5 8. Be3 g4
9. Nh2 gxh3 10. g3 Rg8 11. Bxc5 dxc5 12. Nd5 Be6 13. Nxf6+ Qxf6 14. Bxe6 Qxe6
15. c3 O-O-O 16. a3 c4 17. Qh5 Rxd3 18. Rad1 Rgd8 19. Rxd3 cxd3 20. Ng4 d2 21.
Rd1 Na5 22. Nxe5 f6 23. Nf3 Qxe4 24. Qxh3+ Kb8 25. Rxd2 Rh8 26. Qxh6 Rc8 27.
Qxf6 Qb1+ 28. Kg2 Nc4 29. Rd8 Nb6 30. Rxc8+ Nxc8 31. c4 Qc2 32. Qc3 Qf5 33. Qd4
b6 34. g4 Qh7 35. c5 Ne7 36. Ng5 Qg8 37. f4 Kc8 38. cxb6 axb6 39. Qe4 Qg7 40.
Qa8+ Kd7 41. Qa4+ Kc8 42. Qa6+ Kd7 43. Qe2 Qf6 44. Qd2+ Kc8 45. f5 Qc6+ 46. Kf2
Qc5+ 47. Kg2 Qc4 48. Kg3 Qf1 49. Nf3 Qb5 50. f6 Ng6 51. Qg5 Qxg5 52. Nxg5 Kd7
53. Nh7 Ke6 54. g5 Kf7 1/2-1/2

[Event "NAYCC U12"]
[Site "Kingston CAN"]
[Date "2019.08.19"]
[Round "7.91"]
[White "Zhou, Johnson"]
[Black "Odrcich, Evan"]
[Result "1-0"]
[WhiteElo "1409"]
[BlackElo "878"]
[PlyCount "89"]
[EventDate "2019.08.16"]
[EventType "swiss"]
[EventRounds "9"]
[EventCountry "CAN"]

1. e4 e5 2. Nf3 Nc6 3. d4 exd4 4. Bc4 Nf6 5. e5 Qe7 6. O-O Nxe5 7. Nxe5 Qxe5 8.
Re1 Ne4 9. f3 Qf6 10. Rxe4+ Be7 11. Qe1 c6 12. h4 h6 13. Rf4 Qg6 14. Bxf7+ Qxf7
15. Rxf7 Kxf7 16. c3 dxc3 17. Nxc3 Re8 18. Qg3 d5 19. h5 Bf5 20. Bf4 Rad8 21.
Be5 Bg5 22. f4 Bf6 23. Bxf6 Kxf6 24. Qh4+ Kf7 25. Re1 d4 26. Rxe8 Rxe8 27. Na4
d3 28. Qf2 Rd8 29. Qd2 Re8 30. Nc3 b5 31. g4 Bxg4 32. Qxd3 Bxh5 33. Qf5+ Kg8
34. Qxh5 Re1+ 35. Kf2 Re6 36. Qc5 a6 37. Nd5 cxd5 38. Qxd5 Kf7 39. f5 Kf6 40.
fxe6 h5 41. Qd7 g5 42. e7 g4 43. e8=Q Kg5 44. Qee7+ Kg6 45. Qde6# 1-0

[Event "NAYCC U12"]
[Site "Kingston CAN"]
[Date "2019.08.19"]
[Round "7.94"]
[White "Li, Neal"]
[Black "Milardovic, Ivan"]
[Result "1-0"]
[WhiteElo "1166"]
[BlackElo "707"]
[PlyCount "25"]
[EventDate "2019.08.16"]
[EventType "swiss"]
[EventRounds "9"]
[EventCountry "CAN"]

1. e4 e5 2. Nf3 Nc6 3. Nc3 Nf6 4. d4 exd4 5. Nxd4 Bc5 6. Be3 d5 7. Nxc6 bxc6 8.
Bxc5 Ng4 9. exd5 cxd5 10. Bb5+ Bd7 11. Qe2+ Ne5 12. Qxe5+ Qe7 13. Qxe7# 1-0

[Event "NAYCC U12"]
[Site "Kingston CAN"]
[Date "2019.08.19"]
[Round "7.96"]
[White "Puri, Dylan"]
[Black "Kriemadis, Noah"]
[Result "0-1"]
[WhiteElo "1072"]
[BlackElo "1114"]
[PlyCount "106"]
[EventDate "2019.08.16"]
[EventType "swiss"]
[EventRounds "9"]
[EventCountry "CAN"]

1. e4 c5 2. Nf3 Nc6 3. d4 cxd4 4. Nxd4 Qb6 5. Nb3 Nf6 6. Nc3 e6 7. Be3 Qc7 8.
Be2 Bb4 9. Bd2 a6 10. Bd3 Ne5 11. Qe2 b5 12. a3 Be7 13. O-O Bb7 14. f4 Nc4 15.
e5 Nxd2 16. Nxd2 Nd5 17. Nce4 Qb6+ 18. Kh1 Ne3 19. Rf3 Nf5 20. c3 d6 21. g4 d5
22. gxf5 dxe4 23. Nxe4 exf5 24. Nd6+ Bxd6 25. exd6+ Kf8 26. Qe7+ Kg8 27. Be2
Qa7 28. d7 Qb8 29. Rd1 Qd8 30. Qd6 h5 31. Kg1 Rh6 32. Re3 Rxd6 33. Rxd6 Be4 34.
Bf3 Ra7 35. Bxe4 fxe4 36. Rd4 Rxd7 37. Rdxe4 Kf8 38. Re5 g6 39. f5 gxf5 40.
Rxf5 Qb6 41. Kf2 Rd3 42. Rfe5 Rxe3 43. Rxe3 Kg7 44. Ke2 Kf6 45. Rf3+ Kg5 46.
Kd2 Qd6+ 47. Kc2 Kg4 48. Rd3 Qxh2+ 49. Kb3 h4 50. Rd4+ Kf5 51. Rd5+ Qe5 52. Rd3
Kf6 53. Kc2 Qe2+ 0-1

[Event "NAYCC U12"]
[Site "Kingston CAN"]
[Date "2019.08.19"]
[Round "8.61"]
[White "Liu, Henry"]
[Black "Liang, Jason"]
[Result "0-1"]
[WhiteElo "1952"]
[BlackElo "2250"]
[PlyCount "154"]
[EventDate "2019.08.16"]
[EventType "swiss"]
[EventRounds "9"]
[EventCountry "CAN"]

1. c4 e6 2. g3 d5 3. cxd5 exd5 4. Bg2 Nf6 5. d4 c6 6. Nf3 Bf5 7. O-O h6 8. Nc3
Be7 9. Bf4 O-O 10. Rc1 Nbd7 11. a3 Ne4 12. Nxe4 Bxe4 13. Nd2 Bxg2 14. Kxg2 Qb6
15. Qb3 Bf6 16. Qxb6 axb6 17. Nb3 b5 18. Bd6 Rfe8 19. e3 Nb6 20. Nc5 Nc4 21.
Nxb7 Ra7 22. b3 Nd2 23. Rfd1 Ne4 24. f3 Nxd6 25. Nxd6 Rxe3 26. Rxc6 Rxa3 27.
Nxb5 Raxb3 28. Nc7 Rb2+ 29. Kh3 Rxf3 30. Nxd5 Bg5 31. Kg4 Rff2 32. h4 Bd8 33.
Nf4 g6 34. Rh1 h5+ 35. Kh3 Rbd2 36. d5 Kg7 37. Rc3 Kf8 38. Rd3 Rxd3 39. Nxd3
Rd2 40. Nf4 Bc7 41. Rf1 Ke7 42. Re1+ Kd7 43. Re4 Rf2 44. Ng2 Rf5 45. Re3 Rxd5
46. g4 hxg4+ 47. Kxg4 Rd2 48. Kf3 Bb6 49. Rb3 Bd8 50. Rb7+ Ke8 51. Rb4 Kf8 52.
Nf4 Kg7 53. Kg3 Bc7 54. Kg4 f5+ 55. Kf3 Bxf4 56. Kxf4 Kh6 57. Rb8 Rg2 58. Ke5
Ra2 59. Rh8+ Kg7 60. Rb8 Rh2 61. Rb7+ Kh6 62. Kf6 Ra2 63. Rb8 Ra6+ 64. Ke5 Kh5
65. Rb4 Ra1 66. Kf6 Rh1 67. Rb8 Rxh4 68. Rh8+ Kg4 69. Rg8 Rh6 70. Kg7 Kg5 71.
Rf8 Rh1 72. Ra8 Rg1 73. Ra6 Rg4 74. Ra5 Kh4 75. Kf6 f4 76. Ra2 f3 77. Ke5 Kg3
0-1

[Event "NAYCC U12"]
[Site "Kingston CAN"]
[Date "2019.08.19"]
[Round "8.62"]
[White "Levine, Jack"]
[Black "Vidyarthi, Vyom"]
[Result "1/2-1/2"]
[WhiteElo "2198"]
[BlackElo "2205"]
[PlyCount "77"]
[EventDate "2019.08.16"]
[EventType "swiss"]
[EventRounds "9"]
[EventCountry "CAN"]

1. c4 e5 2. Nc3 Nc6 3. Nf3 g6 4. g3 Bg7 5. Bg2 d6 6. O-O f5 7. d3 Nf6 8. Rb1
O-O 9. b4 h6 10. b5 Ne7 11. Ba3 Nh7 12. Nd2 f4 13. c5 Ng5 14. cxd6 cxd6 15. Kh1
Bh3 16. Bxh3 Nxh3 17. Qb3+ Kh7 18. Nce4 Nf5 19. Qd5 Qd7 20. Nc5 Qf7 21. Ne6 Kg8
22. Rbc1 Rfc8 23. Qb3 Rxc1 24. Bxc1 Rc8 25. Nxg7 Kxg7 26. Qxf7+ Kxf7 27. Kg2
Ng5 28. Nc4 f3+ 29. exf3 Ke6 30. Bxg5 hxg5 31. Re1 Kd5 32. Re4 Ke6 33. f4 gxf4
34. gxf4 Rh8 35. Re1 Nh4+ 36. Kg3 Nf5+ 37. Kg2 Nh4+ 38. Kg3 Nf5+ 39. Kg2
1/2-1/2

[Event "NAYCC U12"]
[Site "Kingston CAN"]
[Date "2019.08.19"]
[Round "8.63"]
[White "Zhong, Kevin"]
[Black "Sloan, Jed"]
[Result "1-0"]
[WhiteElo "2215"]
[BlackElo "1942"]
[PlyCount "62"]
[EventDate "2019.08.16"]
[EventType "swiss"]
[EventRounds "9"]
[EventCountry "CAN"]

1. e4 c5 2. Nc3 Nc6 3. g3 d6 4. Bg2 g6 5. d3 Bg7 6. Nge2 e5 7. h4 Nf6 8. Bg5 h6
9. Bxf6 Bxf6 10. Nd5 Be6 11. Qd2 Bxd5 12. exd5 Nd4 13. c3 Nf5 14. Be4 Qd7 15.
h5 O-O-O 16. hxg6 fxg6 17. O-O-O Bg5 18. f4 exf4 19. gxf4 Bf6 20. Kb1 Rdg8 21.
Rdf1 Kc7 22. Rhg1 b5 23. c4 b4 24. Bxf5 gxf5 25. d4 h5 26. dxc5 dxc5 27. Qe3
Re8 28. Qxc5+ Kd8 29. Nd4 Bxd4 30. Qxd4 h4 31. Rg7 Qd6 1-0

[Event "NAYCC U12"]
[Site "Kingston CAN"]
[Date "2019.08.19"]
[Round "8.64"]
[White "Zhang, Chu Hang"]
[Black "Lancman, Kyle"]
[Result "1/2-1/2"]
[WhiteElo "2101"]
[BlackElo "1806"]
[PlyCount "108"]
[EventDate "2019.08.16"]
[EventType "swiss"]
[EventRounds "9"]
[EventCountry "CAN"]

1. e4 c5 2. Nf3 g6 3. d4 cxd4 4. Nxd4 Nc6 5. c4 Nf6 6. Nc3 d6 7. Be2 Nxd4 8.
Qxd4 Bg7 9. Be3 O-O 10. Qd2 Be6 11. O-O Qa5 12. f3 Rfc8 13. b3 a6 14. Rac1 b5
15. Nd5 Qxd2 16. Bxd2 Nxd5 17. exd5 Bd4+ 18. Kh1 Bf5 19. g4 Bd7 20. Bg5 f6 21.
Bd2 f5 22. Bg5 Bf6 23. Be3 bxc4 24. bxc4 fxg4 25. fxg4 a5 26. Rb1 Rcb8 27. h3
Rb4 28. a3 Rbb8 29. Bb6 Rb7 30. Bd3 a4 31. c5 dxc5 32. Bxc5 Rab8 33. Bb4 Bb5
34. Bxb5 Rxb5 35. d6 Bc3 36. dxe7 Bxb4 37. Rxb4 Rxb4 38. axb4 Re8 39. Ra1 Rxe7
40. Rxa4 Kf7 41. Ra1 Rb7 42. Rb1 Rb5 43. Kg2 h5 44. gxh5 gxh5 45. Kf3 Ke6 46.
Ke4 Kd6 47. Kd4 Kc6 48. Rc1+ Kb6 49. Kc4 Rf5 50. Rd1 Rf4+ 51. Rd4 Rxd4+ 52.
Kxd4 Kb5 53. Ke5 Kxb4 54. Kf5 Kc5 1/2-1/2

[Event "NAYCC U12"]
[Site "Kingston CAN"]
[Date "2019.08.19"]
[Round "8.65"]
[White "Srinivasan, Hemant"]
[Black "Zhao, Jeffrey R"]
[Result "1/2-1/2"]
[WhiteElo "2066"]
[BlackElo "2117"]
[PlyCount "41"]
[EventDate "2019.08.16"]
[EventType "swiss"]
[EventRounds "9"]
[EventCountry "CAN"]

1. d4 Nf6 2. c4 g6 3. Nc3 Bg7 4. e4 d6 5. Nf3 O-O 6. Be2 e5 7. O-O Nc6 8. d5
Ne7 9. b4 a5 10. bxa5 Rxa5 11. Nd2 Nd7 12. Nb3 Ra8 13. a4 f5 14. Ba3 Nf6 15. f3
f4 16. c5 g5 17. Nd2 h5 18. Bb5 Nh7 19. Be2 Rf6 20. Nc4 Ng6 21. Nb5 1/2-1/2

[Event "NAYCC U12"]
[Site "Kingston CAN"]
[Date "2019.08.19"]
[Round "8.66"]
[White "Ning, Eric"]
[Black "Weng, Nicholas"]
[Result "1-0"]
[WhiteElo "2135"]
[BlackElo "1789"]
[PlyCount "75"]
[EventDate "2019.08.16"]
[EventType "swiss"]
[EventRounds "9"]
[EventCountry "CAN"]

1. d4 Nf6 2. c4 g6 3. g3 Bg7 4. Bg2 d5 5. Nc3 c6 6. Nf3 O-O 7. O-O Nbd7 8. cxd5
cxd5 9. Qb3 Nb6 10. Ne5 e6 11. f4 Bd7 12. Bd2 Bc6 13. Rfc1 Rc8 14. Nb5 Bxb5 15.
Qxb5 Nfd7 16. Rxc8 Qxc8 17. Rc1 Qd8 18. Nxd7 Qxd7 19. Qxd7 Nxd7 20. Rc7 Nb6 21.
e3 Rb8 22. b3 Bf6 23. Kf2 Bd8 24. Rc3 f5 25. Ke2 Kf7 26. Kd3 Ke7 27. Rc1 Rc8
28. Rg1 a6 29. Bf3 Kf7 30. g4 Bf6 31. Bb4 Be7 32. Bc3 Bf6 33. a4 Bh4 34. a5 Nd7
35. gxf5 gxf5 36. Bh5+ Kf6 37. Bb4 Nf8 38. Rg8 1-0

[Event "NAYCC U12"]
[Site "Kingston CAN"]
[Date "2019.08.19"]
[Round "8.67"]
[White "Yan, Alex Jikai"]
[Black "Latorre, Vincent"]
[Result "1/2-1/2"]
[WhiteElo "1801"]
[BlackElo "1859"]
[PlyCount "69"]
[EventDate "2019.08.16"]
[EventType "swiss"]
[EventRounds "9"]
[EventCountry "CAN"]

1. e4 c5 2. Nf3 d6 3. c4 Nf6 4. Nc3 g6 5. d4 cxd4 6. Nxd4 Bg7 7. f3 Nc6 8. Be3
Bd7 9. Be2 Rc8 10. O-O O-O 11. Rc1 a6 12. Qd2 Kh8 13. Rfd1 Ne8 14. Nxc6 Bxc6
15. Nd5 f5 16. Bb6 Qd7 17. Bd4 e5 18. Bf2 Bxd5 19. cxd5 Nf6 20. Rxc8 Rxc8 21.
Bh4 f4 22. Bxf6 Bxf6 23. Rc1 Bd8 24. Rxc8 Qxc8 25. Qc3 Qxc3 26. bxc3 Ba5 27. c4
Kg7 28. Kf2 Kf6 29. a4 Ke7 30. Bd1 Kd7 31. Ke2 Kc7 32. Kd3 Kb6 33. h3 Kc5 34.
Bc2 Kb4 35. Bd1 1/2-1/2

[Event "NAYCC U12"]
[Site "Kingston CAN"]
[Date "2019.08.19"]
[Round "8.68"]
[White "Mundayat, Abinav"]
[Black "Kou, Daniel"]
[Result "1-0"]
[WhiteElo "2081"]
[BlackElo "1676"]
[PlyCount "109"]
[EventDate "2019.08.16"]
[EventType "swiss"]
[EventRounds "9"]
[EventCountry "CAN"]

1. e4 c5 2. Nf3 e6 3. d4 cxd4 4. Nxd4 a6 5. Bd3 Qc7 6. O-O Nf6 7. Qe2 d6 8. c4
b6 9. Nc3 Bb7 10. f4 Nbd7 11. Nf3 Be7 12. Re1 O-O 13. b3 b5 14. Bb2 bxc4 15.
Bxc4 Rfe8 16. Bd3 Nc5 17. Bc2 Rac8 18. Rac1 Qb6 19. Kh1 Bf8 20. Bb1 e5 21. fxe5
dxe5 22. Nd2 Qe6 23. b4 Ncd7 24. a3 Bd6 25. Ba2 Qe7 26. Nc4 Bc7 27. Rcd1 Nf8
28. Nd5 Nxd5 29. exd5 Rcd8 30. Nxe5 Qd6 31. Qf2 f6 32. Nf3 Rxe1+ 33. Qxe1 Ng6
34. Bd4 Kh8 35. Bc5 Qf4 36. Rd4 Qf5 37. d6 Bb8 38. d7 Bxf3 39. Qe8+ Nf8 40.
Qxd8 Bxg2+ 41. Kxg2 Qc2+ 42. Kf3 Qf5+ 43. Ke2 Qc2+ 44. Rd2 Qe4+ 45. Kd1 Qh1+
46. Kc2 Qe4+ 47. Kb3 Qf3+ 48. Kc4 Qe4+ 49. Bd4 Qc6+ 50. Kb3 Qd5+ 51. Kb2 Qd6
52. Qe8 Bc7 53. Qf7 Ne6 54. Bxe6 Bd8 55. Qg8# 1-0

[Event "NAYCC U12"]
[Site "Kingston CAN"]
[Date "2019.08.19"]
[Round "8.69"]
[White "Cheung, Ryan"]
[Black "Yuen, Noah"]
[Result "1/2-1/2"]
[WhiteElo "2090"]
[BlackElo "1921"]
[PlyCount "40"]
[EventDate "2019.08.16"]
[EventType "swiss"]
[EventRounds "9"]
[EventCountry "CAN"]

1. e4 c5 2. Nc3 a6 3. g3 b5 4. Bg2 Bb7 5. d3 e6 6. Nh3 Nf6 7. O-O Be7 8. f4 d5
9. e5 Nfd7 10. Qg4 g6 11. Bd2 h5 12. Qd1 Nc6 13. Nf2 Nd4 14. Ne2 Nf5 15. c3 Nb6
16. b3 Qd7 17. d4 c4 18. b4 O-O-O 19. Qc2 Rdg8 20. h4 Na4 1/2-1/2

[Event "NAYCC U12"]
[Site "Kingston CAN"]
[Date "2019.08.19"]
[Round "8.70"]
[White "Huang, Edison"]
[Black "Li, Thomas"]
[Result "0-1"]
[WhiteElo "1653"]
[BlackElo "1923"]
[PlyCount "114"]
[EventDate "2019.08.16"]
[EventType "swiss"]
[EventRounds "9"]
[EventCountry "CAN"]

1. e4 c5 2. d3 Nc6 3. Nd2 g6 4. g3 Bg7 5. Bg2 d6 6. Ne2 Nf6 7. O-O e5 8. f4 Nd4
9. Nc4 Bg4 10. Re1 Nxe2+ 11. Rxe2 Bxe2 12. Qxe2 Qe7 13. Bd2 O-O 14. b4 exf4 15.
Bxf4 Rad8 16. bxc5 dxc5 17. Rb1 Nd5 18. Qd2 Bc3 19. Qc1 Bd4+ 20. Kh1 Nxf4 21.
gxf4 Bg7 22. e5 b6 23. Qf1 f6 24. Qe2 fxe5 25. fxe5 Rfe8 26. Re1 b5 27. Na5
Qxe5 28. Qxe5 Rxe5 29. Rxe5 Bxe5 30. Nc6 Re8 31. Nxa7 b4 32. Bd5+ Kg7 33. Nc6
Bd4 34. Be4 Rf8 35. Nxd4 cxd4 36. Bd5 Rf2 37. Bb3 Kf6 38. Ba4 Kg5 39. Kg1 Rd2
40. Bb3 Kh4 41. Ba4 g5 42. Bb3 Kh3 43. Be6+ g4 44. Bf5 Rxc2 45. Bxh7 Rxa2 46.
Bg8 Ra1+ 47. Kf2 Kxh2 48. Bd5 g3+ 49. Ke2 b3 50. Bxb3 g2 51. Kf3 g1=Q 52. Ke4
Qe3+ 53. Kd5 Qxd3 54. Bc4 Ra5+ 55. Kd6 Qxc4 56. Ke7 d3 57. Kf8 Qc7 0-1

[Event "NAYCC U12"]
[Site "Kingston CAN"]
[Date "2019.08.19"]
[Round "8.71"]
[White "Xie, Austin"]
[Black "Wu, Benjamin"]
[Result "1/2-1/2"]
[WhiteElo "1872"]
[BlackElo "1731"]
[PlyCount "100"]
[EventDate "2019.08.16"]
[EventType "swiss"]
[EventRounds "9"]
[EventCountry "CAN"]

1. e4 e6 2. d4 d5 3. Nc3 Bb4 4. e5 c5 5. a3 Bxc3+ 6. bxc3 Nc6 7. Nf3 Nge7 8.
Bd3 c4 9. Be2 Qa5 10. Bd2 O-O 11. O-O Bd7 12. h4 h6 13. Nh2 f6 14. f4 Nf5 15.
Qe1 fxe5 16. fxe5 Nfe7 17. Ng4 Rxf1+ 18. Bxf1 Nf5 19. Ne3 Nxe3 20. Qxe3 Rf8 21.
g4 Qd8 22. Qg3 Rf7 23. Be2 Qf8 24. h5 Kh8 25. Kg2 b5 26. g5 hxg5 27. Bxg5 Ne7
28. Bxe7 Qxe7 29. Rh1 Qxa3 30. h6 gxh6 31. Rxh6+ Rh7 32. Rxh7+ Kxh7 33. Qh4+
Kg7 34. Qf6+ Kg8 35. Qd8+ Qf8 36. Qxd7 Qg7+ 37. Qxg7+ Kxg7 38. Kf1 a5 39. Ke1
Kf7 40. Kd1 Ke7 41. Bh5 Kd7 42. Kc1 Ke7 43. Kb2 Kd7 44. Ka3 Ke7 45. Kb2 Kd7 46.
Ka2 Ke7 47. Ka3 Kd7 48. Ka2 Ke7 49. Ka3 Kd7 50. Ka2 Ke7 1/2-1/2

[Event "NAYCC U12"]
[Site "Kingston CAN"]
[Date "2019.08.19"]
[Round "8.72"]
[White "Liu, Aaron"]
[Black "Su, Kevin"]
[Result "0-1"]
[WhiteElo "1565"]
[BlackElo "1882"]
[PlyCount "70"]
[EventDate "2019.08.16"]
[EventType "swiss"]
[EventRounds "9"]
[EventCountry "CAN"]

1. e4 e5 2. Nf3 Nc6 3. Bc4 Bc5 4. c3 Nf6 5. d4 exd4 6. cxd4 Bb4+ 7. Bd2 Bxd2+
8. Nbxd2 d5 9. exd5 Nxd5 10. Qb3 Na5 11. Qa4+ Nc6 12. Qb3 Nce7 13. O-O O-O 14.
Ne4 c6 15. Rfe1 Nb6 16. Bxf7+ Rxf7 17. Neg5 Nbd5 18. Nxf7 Kxf7 19. Ne5+ Kg8 20.
Re2 Qc7 21. Rae1 Nf5 22. Rd2 Bd7 23. Qf3 Re8 24. Rdd1 Nd6 25. Rc1 Be6 26. a3
Qb6 27. Qd3 Bf5 28. Qd2 Ne4 29. Qd3 Qxb2 30. Rc2 Qb6 31. g4 Nf4 32. Qf3 Ng5 33.
Qc3 Bxc2 34. Qxc2 Qxd4 35. Qf5 Ngh3+ 0-1

[Event "NAYCC U12"]
[Site "Kingston CAN"]
[Date "2019.08.19"]
[Round "8.73"]
[White "Huang, Richard"]
[Black "Tay, Brian"]
[Result "1/2-1/2"]
[WhiteElo "1542"]
[BlackElo "1923"]
[PlyCount "81"]
[EventDate "2019.08.16"]
[EventType "swiss"]
[EventRounds "9"]
[EventCountry "CAN"]

1. e4 c5 2. Nf3 d6 3. d4 cxd4 4. Nxd4 Nf6 5. Nc3 a6 6. f3 e5 7. Nb3 Be6 8. Be3
Be7 9. Be2 O-O 10. O-O Nbd7 11. Nd5 Nxd5 12. exd5 Bf5 13. c4 Rc8 14. Rc1 Bg6
15. f4 f5 16. Bh5 Bxh5 17. Qxh5 g6 18. Qd1 Nf6 19. h3 Qd7 20. Nd2 b5 21. b3 Nh5
22. Qf3 Qd8 23. Rfd1 Qa5 24. Rc2 Nf6 25. Rdc1 b4 26. Kh1 Nd7 27. Qf2 Nc5 28.
Bxc5 Qxc5 29. Qxc5 Rxc5 30. fxe5 dxe5 31. Nf3 Bf6 32. Rd1 Rd8 33. Re2 e4 34.
Nd4 Bxd4 35. Rxd4 Kf7 36. Kg1 Kf6 37. Kf2 Ke5 38. Rd1 g5 39. Rde1 h5 40. g4
hxg4 41. hxg4 1/2-1/2

[Event "NAYCC U12"]
[Site "Kingston CAN"]
[Date "2019.08.19"]
[Round "8.74"]
[White "Galvez Villalva, Brian Emiliano"]
[Black "Bocan, Richard"]
[Result "1-0"]
[WhiteElo "1455"]
[BlackElo "1601"]
[PlyCount "116"]
[EventDate "2019.08.16"]
[EventType "swiss"]
[EventRounds "9"]
[EventCountry "CAN"]

1. b4 d5 2. Bb2 e6 3. e3 Nf6 4. a3 c5 5. c3 Bd6 6. Nf3 O-O 7. d4 cxd4 8. cxd4
Nbd7 9. Nbd2 b6 10. Bd3 Bb7 11. O-O Qe7 12. Ne5 Rac8 13. f4 Ne4 14. Bb5 Ndf6
15. Nxe4 Nxe4 16. Rc1 Rxc1 17. Qxc1 Rc8 18. Qe1 Rc2 19. Qb1 Qc7 20. Rc1 Rxc1+
21. Qxc1 Qxc1+ 22. Bxc1 Nc3 23. Bd3 f6 24. Nf3 Kf7 25. g4 h6 26. h4 a5 27. bxa5
bxa5 28. Bd2 Ne4 29. Bxa5 Bxa3 30. Kf1 Bc1 31. Ke2 Ke7 32. g5 hxg5 33. hxg5 Bc6
34. g6 Ba3 35. Be1 Ba4 36. Nh4 Bb3 37. f5 Bb2 38. Bb4+ Nd6 39. fxe6 Kxe6 40.
Bxd6 Kxd6 41. Nf5+ Kd7 42. Nxg7 Bc4 43. Nh5 Bxd3+ 44. Kxd3 Ke7 45. g7 Kf7 46.
Nxf6 Kxg7 47. Nxd5 Kf7 48. e4 Ke6 49. Nf4+ Kd6 50. e5+ Ke7 51. Ke4 Kd7 52. d5
Ke7 53. d6+ Kd7 54. Kd5 Bc1 55. e6+ Kd8 56. Ng6 Bg5 57. Ne5 Bf6 58. Nf7+ Ke8
1-0

[Event "NAYCC U12"]
[Site "Kingston CAN"]
[Date "2019.08.19"]
[Round "8.75"]
[White "He, Samuel"]
[Black "Zhang, Henry X"]
[Result "1-0"]
[WhiteElo "1568"]
[BlackElo "1624"]
[PlyCount "95"]
[EventDate "2019.08.16"]
[EventType "swiss"]
[EventRounds "9"]
[EventCountry "CAN"]

1. e4 c5 2. c3 Nf6 3. e5 Nd5 4. d4 cxd4 5. Nf3 Nc6 6. cxd4 d6 7. Bc4 e6 8. O-O
a6 9. Bxd5 exd5 10. exd6 Bxd6 11. Re1+ Be6 12. Bg5 Qc7 13. Nc3 O-O 14. a3 Rac8
15. Qd3 h6 16. Bh4 Na5 17. Ne2 Nc4 18. b3 Nxa3 19. Rec1 Qb6 20. Bg3 Bxg3 21.
Nxg3 Nb5 22. Nh5 Bg4 23. Nf4 Bxf3 24. Qxf3 Nxd4 25. Qe3 Rxc1+ 26. Rxc1 Qf6 27.
Nxd5 Qg5 28. Ne7+ Kh8 29. f4 Qxf4 30. Qxf4 Ne2+ 31. Kf2 Nxf4 32. Rc7 b5 33. Ra7
Nd3+ 34. Ke3 Nb4 35. Kd4 a5 36. Rxa5 Re8 37. Kc3 Rxe7 38. Kxb4 Re2 39. Rxb5
Rxg2 40. Rb8+ Kh7 41. Ka3 Rxh2 42. b4 g5 43. b5 g4 44. b6 g3 45. b7 g2 46. Rh8+
Kg7 47. b8=Q Rh3+ 48. Ka2 1-0

[Event "NAYCC U12"]
[Site "Kingston CAN"]
[Date "2019.08.19"]
[Round "8.76"]
[White "Adam, Rafael"]
[Black "Lancman, Kaleb"]
[Result "1-0"]
[WhiteElo "1674"]
[BlackElo "1501"]
[PlyCount "81"]
[EventDate "2019.08.16"]
[EventType "swiss"]
[EventRounds "9"]
[EventCountry "CAN"]

1. d4 d5 2. c4 dxc4 3. Nf3 Nf6 4. e3 a6 5. Bxc4 b5 6. Be2 Bb7 7. O-O e6 8. b3
Nbd7 9. Bb2 c5 10. Nbd2 Bd6 11. Rc1 Qb8 12. h3 O-O 13. Qc2 cxd4 14. Nxd4 Qd8
15. Bf3 Bxf3 16. N2xf3 Rc8 17. Qe2 Qb6 18. Rfd1 Rfd8 19. Rc2 Rxc2 20. Qxc2 Qc5
21. Qxc5 Bxc5 22. Nc6 Rc8 23. Nce5 Rd8 24. Nxd7 Rxd7 25. Rc1 Rc7 26. Be5 Rc8
27. b4 Nd7 28. bxc5 Rxc5 29. Rd1 Rd5 30. Rxd5 exd5 31. Bd4 f6 32. Kf1 Kf7 33.
Ke2 Ke6 34. Kd3 Ne5+ 35. Bxe5 fxe5 36. Ng5+ Kf6 37. Nxh7+ Kg6 38. Nf8+ Kf7 39.
Nd7 e4+ 40. Kd4 Ke7 41. Nc5 1-0